| 000 | 02054cab a22003375a 4500 | ||
|---|---|---|---|
| 001 | L144895 | ||
| 008 | 080818s2008 xxk f 000 0 eng d | ||
| 035 | _a(Sirsi) u144895 | ||
| 041 | 0 | _aeng | |
| 100 | 1 | _aKaras, Jonathan | |
| 245 | 0 | 0 |
_aDevelopment and restrictive covenants, clarification of section 237 of the Town and Country Planning Act 1990 _bis it necessary? |
| 260 | _c2008 | ||
| 490 |
_aJournal of Planning and Environment Law _v(Issue 1) 2008, 9-17(9) |
||
| 520 | _aLooks at proposed amendments to legislation to allow the use of land to take place notwithstanding that it infringes easements or restrictive covenants. Compensation for 'breaching' rights that restrict the use of land will be based upon the depreciation in the value of the land that has the benefit of the rights. Argues that the simplification of the compensation process is appropriate and should be welcomed and looks at the background behind the changes. Closes by saying that clarification of the law is welcome but unnecessary, with the authors arguing that the decision in Thames Water Utilities v Oxford CC was flawed - leading to the current move towards clarification. | ||
| 650 | 2 | 4 | _aR V LONDON BOROUGH OF ENFIELD EX PARTE BROWN |
| 650 | 2 | 4 | _aTHAMES WATER UTILITIES LTD V OXFORD CC AND ANOTHER |
| 650 | 2 | 4 | _aTOWN AND COUNTRY PLANNING ACT 1990 S237 |
| 650 | 2 | 4 | _aFLETCHER V BIRKENHEAD CORPORATION |
| 650 | 2 | 4 | _aHAMMERSMITH RAILWAY COMPANY V BRAND |
| 650 | 2 | 4 | _aKIRBY V SCHOOL BOARD FOR HARROGATE |
| 650 | 2 | 4 | _aLAW OF PROPERTY ACT 1925 S84 |
| 650 | 2 | 4 | _aLONG EATON RECREATION GROUNDS CO LTD V MIDLAND RAILWAY CO |
| 650 | 2 | 4 | _aRE SIMEON AND THE ISLE OF WIGHT RDC |
| 650 | 2 | 4 | _aWILDTREE HOTELS LTD AND OTHERS V HARROW LBC |
| 650 | 2 | 4 | _aBROWN V HEATHLANDS MENTAL HEALTH NATIONAL HEALTH SERVICE TRUST |
| 650 | 2 | 4 | _aCOWPER ESSEX V ACTON LOCAL BOARD |
| 651 | 4 |
_aEngland and Wales _y1543- |
|
| 690 | _aENVIRONMENTAL AND LAND CONSULTANCY-PLANNING AND DEVELOPMENT-COMPULSORY PURCHASE AND COMPENSATION | ||
| 700 | 1 | _aHarper, Joseph | |
| 942 | _n0 | ||
| 999 |
_c80628 _d80628 |
||